[Event "St Petersburg-ch Seniors Blitz"]
[Site "St Petersburg"]
[Date "2022.10.05"]
[Round "1"]
[White "Kostyuchenko, Vladimir"]
[Black "Balashov, Yuri S"]
[Result "0-1"]
[WhiteElo "2024"]
[BlackElo "2295"]
[PlyCount "44"]
[EventDate "2022.10.05"]
[EventType "swiss"]
[EventRounds "11"]
[EventCountry "RUS"]
[SourceTitle "CBM 210 Extra"]
[Source "ChessBase"]
[SourceDate "2022.11.30"]
[SourceVersion "1"]
[SourceVersionDate "2022.11.30"]
[SourceQuality "1"]

1. e4 c5 2. Nc3 Nc6 3. f4 e6 4. Nf3 d5 5. exd5 exd5 6. Bb5 Nf6 7. 0-0 Be7 8. b3 0-0 9. Bxc6 bxc6 10. Ne5 Bb7 11. Ba3 Ne4 12. Na4 f6 13. Nf3 c4 14. Bxe7 Qxe7 15. d3 Nc5 16. Nxc5 Qxc5+ 17. d4 Qd6 18. Nd2 c5 19. c3 Rfe8 20. Qf3 cxd4 21. cxd4 Qb4 22. Nxc4 dxc4 0-1

[Event "Chigorin Memorial 22nd"]
[Site "St Petersburg"]
[Date "2014.10.25"]
[Round "8"]
[White "Kostyuchenko, Vladimir"]
[Black "Musaev, Rasul"]
[Result "1-0"]
[WhiteElo "2169"]
[BlackElo "2316"]
[PlyCount "113"]
[EventDate "2014.10.18"]
[EventType "swiss"]
[EventRounds "9"]
[EventCountry "RUS"]
[SourceTitle "EXT 2015"]
[Source "ChessBase"]
[SourceDate "2014.11.20"]
[SourceVersion "1"]
[SourceVersionDate "2014.11.20"]
[SourceQuality "1"]

1. d4 g6 2. e4 Bg7 3. Nf3 d6 4. Be2 c5 5. c3 Nd7 6. 0-0 Nh6 7. Bg5 0-0 8. Qc1 Ng4 9. h3 Ngf6 10. Nbd2 Qc7 11. Re1 h6 12. Be3 Kh7 13. b4 b6 14. Rb1 Bb7 15. bxc5 Nxe4 16. cxd6 exd6 17. Nxe4 Bxe4 18. Rb3 Rac8 19. Bf4 f5 20. Ba6 Rce8 21. Qa3 Bxf3 22. Rxe8 Rxe8 23. gxf3 Re1+ 24. Kg2 Bf8 25. Rb4 Qd8 26. Qb3 Nf6 27. Bd2 Re8 28. Qf7+ Bg7 29. Bb5 Re7 30. Qc4 Rc7 31. Qe6 Re7 32. Qc4 Nh5 33. Qd5 Bf6 34. f4 Bh4 35. Rc4 Nf6 36. Qf3 Ne4 37. Be1 Qg8 38. Ra4 d5 39. c4 Rc7 40. cxd5 Qxd5 41. Qb3 Qd6 42. Qa3 Qd5 43. Qb3 Qb7 44. Ba6 Qc6 45. Bb5 Qc1 46. Rc4 Qxf4 47. Rxc7+ Qxc7 48. Qe6 Qg7 49. Bc4 Bf6 50. f3 Ng5 51. Qd5 Bxd4 52. h4 Nxf3 53. Kxf3 Bf6 54. h5 Bg5 55. Bd3 Qe7 56. hxg6+ Kg7 57. Bc3+ 1-0

[Event "Chigorin Memorial 22nd"]
[Site "St Petersburg"]
[Date "2014.10.19"]
[Round "2"]
[White "Kostyuchenko, Vladimir"]
[Black "Shuvalov, Arvind"]
[Result "1-0"]
[WhiteElo "2169"]
[BlackElo "1900"]
[PlyCount "61"]
[EventDate "2014.10.18"]
[EventType "swiss"]
[EventRounds "9"]
[EventCountry "RUS"]
[SourceTitle "EXT 2015"]
[Source "ChessBase"]
[SourceDate "2014.11.20"]
[SourceVersion "1"]
[SourceVersionDate "2014.11.20"]
[SourceQuality "1"]

1. c4 g6 2. d4 Bg7 3. Nc3 Nf6 4. e4 d6 5. Nf3 0-0 6. Be2 e5 7. d5 a5 8. Bg5 h6 9. Bh4 Na6 10. Nd2 Nc5 11. 0-0 Qd7 12. b3 Ne8 13. a3 f5 14. b4 axb4 15. axb4 Rxa1 16. Qxa1 Na6 17. exf5 gxf5 18. Qa3 Bf6 19. Bxf6 Rxf6 20. c5 Rg6 21. c6 Qf7 22. g3 e4 23. Bh5 Nf6 24. Bxg6 Qxg6 25. Nb5 Nc5 26. Qa8 Qe8 27. Nc4 b6 28. Qb8 Na4 29. Qxc7 e3 30. fxe3 Ne4 31. Ncxd6 1-0

[Event "Chigorin Memorial 20th"]
[Site "St Petersburg"]
[Date "2012.11.04"]
[Round "9"]
[White "Sukhareva, Evgenia"]
[Black "Kostyuchenko, Vladimir"]
[Result "1/2-1/2"]
[WhiteElo "2268"]
[BlackElo "2101"]
[PlyCount "124"]
[EventDate "2012.10.27"]
[EventType "swiss"]
[EventRounds "9"]
[EventCountry "RUS"]
[SourceTitle "EXT 2013"]
[Source "ChessBase"]
[SourceDate "2012.11.22"]
[SourceVersion "1"]
[SourceVersionDate "2012.11.22"]
[SourceQuality "1"]

1. c4 e6 2. Nf3 Nf6 3. g3 b6 4. Bg2 Bb7 5. 0-0 Be7 6. b3 0-0 7. Bb2 c5 8. Re1 Qc7 9. Nc3 Nc6 10. e3 Rfd8 11. Qe2 Rac8 12. e4 d6 13. d3 a6 14. Rad1 Nd4 15. Nxd4 cxd4 16. Nb1 e5 17. Rc1 Qd7 18. Nd2 b5 19. a3 Bc6 20. b4 Ra8 21. Nb3 bxc4 22. dxc4 Ba4 23. Nd2 g6 24. Qd3 Bf8 25. h3 Bh6 26. Rf1 Nh5 27. Kh2 Qe7 28. Rb1 Rac8 29. Nb3 Bxb3 30. Qxb3 Qe6 31. Bc1 Bf8 32. Bg5 f6 33. Bd2 Qxc4 34. Qxc4+ Rxc4 35. Rfc1 Rdc8 36. Rxc4 Rxc4 37. Rc1 Rxc1 38. Bxc1 Be7 39. Bf1 a5 40. Bc4+ Kf8 41. Bh6+ Ke8 42. Bb5+ Kf7 43. Bc4+ Ke8 44. bxa5 Bd8 45. a6 Bb6 46. a4 f5 47. exf5 gxf5 48. Bg5 Kd7 49. Kg2 Ng7 50. Kf1 Ne6 51. a5 Bc5 52. Bxe6+ Kxe6 53. Bd8 Kd7 54. Bb6 Kc6 55. a7 Kb7 56. Ke2 e4 57. g4 fxg4 58. hxg4 Bb4 59. Kd1 d5 60. a6+ Ka8 61. Bxd4 Ba5 62. Kc1 Bb4 1/2-1/2

[Event "Chigorin Memorial 20th"]
[Site "St Petersburg"]
[Date "2012.11.02"]
[Round "7"]
[White "Fomichenko, Svetlana"]
[Black "Kostyuchenko, Vladimir"]
[Result "0-1"]
[WhiteElo "2256"]
[BlackElo "2101"]
[PlyCount "82"]
[EventDate "2012.10.27"]
[EventType "swiss"]
[EventRounds "9"]
[EventCountry "RUS"]
[SourceTitle "EXT 2013"]
[Source "ChessBase"]
[SourceDate "2012.11.22"]
[SourceVersion "1"]
[SourceVersionDate "2012.11.22"]
[SourceQuality "1"]

1. e4 c5 2. Nf3 d6 3. d4 cxd4 4. Nxd4 Nf6 5. Nc3 Nc6 6. Be2 g6 7. 0-0 Bg7 8. Nb3 0-0 9. Re1 a6 10. Bf1 b5 11. a4 b4 12. Nd5 Nd7 13. a5 Re8 14. Ra2 e6 15. Ne3 Qc7 16. Nc4 Bf8 17. Be3 Bb7 18. Qd2 Nc5 19. Bf4 e5 20. Bh6 Rad8 21. Bxf8 Rxf8 22. Nb6 Nxb3 23. cxb3 Nxa5 24. Nd5 Nxb3 25. Nf6+ Kg7 26. Nh5+ Kh8 27. Qg5 f5 28. Nf6 fxe4 29. Nxe4 Qf7 30. f3 Bxe4 31. Rxe4 Nc5 32. Rc4 e4 33. b3 exf3 34. Rf2 Qa7 35. Qe3 Qg7 36. Rxb4 Rde8 37. Qc1 Ne4 38. Rxf3 Qa7+ 39. Kh1 Nf2+ 40. Rxf2 Qxf2 41. Qa1+ Re5 0-1

[Event "Chigorin Memorial 20th"]
[Site "St Petersburg"]
[Date "2012.10.30"]
[Round "4"]
[White "Kostyuchenko, Vladimir"]
[Black "Barhudarian, Rafael"]
[Result "0-1"]
[WhiteElo "2101"]
[BlackElo "2305"]
[PlyCount "170"]
[EventDate "2012.10.27"]
[EventType "swiss"]
[EventRounds "9"]
[EventCountry "RUS"]
[SourceTitle "EXT 2013"]
[Source "ChessBase"]
[SourceDate "2012.11.22"]
[SourceVersion "1"]
[SourceVersionDate "2012.11.22"]
[SourceQuality "1"]

1. d4 Nc6 2. Nf3 Nf6 3. d5 Nb8 4. c4 g6 5. Nc3 d6 6. g3 Bg7 7. Bg2 0-0 8. 0-0 a5 9. Bg5 Nbd7 10. Qd2 Re8 11. Bh6 Bh8 12. h3 Nc5 13. Nd4 e5 14. dxe6 Nxe6 15. Nxe6 Bxe6 16. b3 Qc8 17. g4 Bd7 18. Rac1 Bc6 19. f3 Qd7 20. e4 b6 21. Rfd1 Qe6 22. Nd5 Rac8 23. Nf4 Qe7 24. Nd5 Qe6 25. Nf4 Qe5 26. Nd3 Qe7 27. Nf4 Nd7 28. Nd5 Bxd5 29. cxd5 Nc5 30. Bf1 Qh4 31. Bg5 Qg3+ 32. Qg2 Qxg2+ 33. Kxg2 f5 34. Bb5 Re5 35. Bf4 Re7 36. Bg5 Rf7 37. exf5 gxf5 38. Re1 fxg4 39. hxg4 Be5 40. Rh1 Rcf8 41. Rcf1 Bf4 42. Bh4 Be5 43. Bg5 Bf4 44. Bh4 Be3 45. Bg3 Rf6 46. Bh4 R6f7 47. Rh3 Rf4 48. Re1 Bd2 49. Re2 Bc3 50. Be7 Ra8 51. Bg5 Rf7 52. Be3 a4 53. Bxc5 axb3 54. axb3 bxc5 55. Bc4 Bd4 56. Rh1 Raf8 57. Rh3 Be5 58. Ra2 Bd4 59. Re2 Ra8 60. Rh1 Rb8 61. Rhe1 Rbf8 62. Rf1 h5 63. Re4 Rg7 64. Rh1 hxg4 65. Rxg4 Rxg4+ 66. fxg4 Rf4 67. Kh3 Rf3+ 68. Kg2 Rc3 69. Rf1 Kg7 70. Rd1 Kf6 71. Rd3 Rc2+ 72. Kf3 Kg5 73. Kg3 Rb2 74. Rd1 Rc2 75. Kf3 Rf2+ 76. Kg3 Rf8 77. Rf1 Be5+ 78. Kg2 Rh8 79. Rh1 Ra8 80. Rh7 Kxg4 81. Rxc7 Ra2+ 82. Kf1 Kf3 83. Rf7+ Bf4 84. Kg1 Ra1+ 85. Bf1 Rb1 0-1

[Event "Chigorin Memorial 19th"]
[Site "St Petersburg"]
[Date "2011.10.20"]
[Round "7"]
[White "Kostyuchenko, Vladimir"]
[Black "Kanakin, Konstantin"]
[Result "0-1"]
[WhiteElo "2107"]
[BlackElo "1944"]
[PlyCount "42"]
[EventDate "2011.10.14"]
[EventType "swiss"]
[EventRounds "9"]
[EventCountry "RUS"]
[SourceTitle "CBM 144 Extra"]
[Source "ChessBase"]
[SourceDate "2011.10.28"]
[SourceVersion "1"]
[SourceVersionDate "2011.10.28"]
[SourceQuality "1"]

1. c4 c6 2. Nc3 d5 3. cxd5 cxd5 4. d4 Nf6 5. Nf3 Nc6 6. Bf4 Qb6 7. a3 Bf5 8. b4 e6 9. e3 Nxb4 10. Bb5+ Nc6 11. 0-0 Be7 12. Ne5 0-0 13. Bxc6 bxc6 14. g4 Bg6 15. g5 Nh5 16. Nd7 Qd8 17. Nxf8 Nxf4 18. exf4 Bxf8 19. Ne2 Bd6 20. Qc1 Bd3 21. Qxc6 Bxe2 0-1

[Event "St Petersburg Botvinnik 100 op"]
[Site "St Petersburg"]
[Date "2011.08.20"]
[Round "9"]
[White "Kostyuchenko, Vladimir"]
[Black "Chuprova, Irina"]
[Result "0-1"]
[WhiteElo "2144"]
[BlackElo "1866"]
[PlyCount "60"]
[EventDate "2011.08.12"]
[EventType "swiss"]
[EventRounds "9"]
[EventCountry "RUS"]
[SourceTitle "CBM 143 Extra"]
[Source "ChessBase"]
[SourceDate "2011.08.29"]
[SourceVersion "1"]
[SourceVersionDate "2011.08.29"]
[SourceQuality "1"]

1. c4 e6 2. Nc3 d5 3. e3 Nf6 4. Nf3 c6 5. b3 Nbd7 6. d4 Bd6 7. Bd3 0-0 8. 0-0 dxc4 9. bxc4 e5 10. Qc2 Re8 11. Rd1 Qe7 12. Ng5 h6 13. Nge4 exd4 14. Nxd6 Qxd6 15. Ne4 Nxe4 16. Bxe4 c5 17. Bb2 Nf6 18. Bf3 Bg4 19. exd4 Bxf3 20. gxf3 Qf4 21. dxc5 Qxf3 22. Rd3 Qc6 23. Rg3 Re6 24. Qc3 Qxc5 25. Re1 Rxe1+ 26. Qxe1 Qc6 27. Bd4 Re8 28. Qc3 Nh5 29. Re3 Re4 30. Qd3 Rg4+ 0-1

[Event "St Petersburg Botvinnik 100 op"]
[Site "St Petersburg"]
[Date "2011.08.17"]
[Round "6"]
[White "Martynov, Pavel1111"]
[Black "Kostyuchenko, Vladimir"]
[Result "1-0"]
[WhiteElo "2237"]
[BlackElo "2144"]
[PlyCount "91"]
[EventDate "2011.08.12"]
[EventType "swiss"]
[EventRounds "9"]
[EventCountry "RUS"]
[SourceTitle "CBM 143 Extra"]
[Source "ChessBase"]
[SourceDate "2011.08.29"]
[SourceVersion "1"]
[SourceVersionDate "2011.08.29"]
[SourceQuality "1"]

1. d4 d5 2. c4 dxc4 3. Nf3 Nf6 4. e3 e6 5. Bxc4 c5 6. 0-0 a6 7. dxc5 Qxd1 8. Rxd1 Bxc5 9. Nfd2 0-0 10. Nb3 Be7 11. Nc3 Nc6 12. Be2 Bd7 13. e4 b5 14. Be3 Rfc8 15. f4 Be8 16. e5 Nd7 17. Bf3 Rab8 18. Rac1 Nb6 19. Bxb6 Rxb6 20. Ne4 Na7 21. Rxc8 Nxc8 22. Rc1 Rb8 23. Nbc5 Nb6 24. Nxa6 Rc8 25. Rxc8 Nxc8 26. b4 Na7 27. a3 Bc6 28. Kf2 Bd5 29. Nc3 Bc4 30. Be2 g5 31. g3 gxf4 32. gxf4 Bh4+ 33. Ke3 Be1 34. Ne4 Bxe2 35. Kxe2 Bh4 36. Nc3 Bd8 37. Nc5 Kg7 38. Kd3 Kg6 39. Ke4 Kh5 40. Nb7 Be7 41. Nd6 f5+ 42. Kf3 Nc6 43. Ncxb5 Kh4 44. Ne8 Kh3 45. Ng7 Kxh2 46. Nxe6 1-0

[Event "St Petersburg Botvinnik 100 op"]
[Site "St Petersburg"]
[Date "2011.08.16"]
[Round "5"]
[White "Kostyuchenko, Vladimir"]
[Black "Boychuk, Evgeny"]
[Result "1-0"]
[WhiteElo "2144"]
[BlackElo "1889"]
[PlyCount "51"]
[EventDate "2011.08.12"]
[EventType "swiss"]
[EventRounds "9"]
[EventCountry "RUS"]
[SourceTitle "CBM 143 Extra"]
[Source "ChessBase"]
[SourceDate "2011.08.29"]
[SourceVersion "1"]
[SourceVersionDate "2011.08.29"]
[SourceQuality "1"]

1. c4 c6 2. Nc3 d5 3. cxd5 cxd5 4. d4 Nf6 5. Bf4 Nc6 6. e3 Bf5 7. Qb3 Qd7 8. Nf3 Na5 9. Qb5 Qxb5 10. Nxb5 Rc8 11. Nxa7 Rc2 12. Ne5 Nc4 13. Bd3 Bxd3 14. Nxd3 Nxb2 15. Nxb2 Rxb2 16. 0-0 Nh5 17. Rfb1 Rxb1+ 18. Rxb1 Nxf4 19. exf4 e6 20. Rxb7 Bd6 21. Nb5 Bxf4 22. g3 Bg5 23. Nd6+ Kf8 24. Nxf7 Rg8 25. Nxg5 g6 26. Nxh7+ 1-0

[Event "St Petersburg Botvinnik 100 op"]
[Site "St Petersburg"]
[Date "2011.08.12"]
[Round "1"]
[White "Neverov, Valeriy"]
[Black "Kostyuchenko, Vladimir"]
[Result "1-0"]
[WhiteElo "2500"]
[BlackElo "2144"]
[PlyCount "44"]
[EventDate "2011.08.12"]
[EventType "swiss"]
[EventRounds "9"]
[EventCountry "RUS"]
[SourceTitle "CBM 143 Extra"]
[Source "ChessBase"]
[SourceDate "2011.08.29"]
[SourceVersion "1"]
[SourceVersionDate "2011.08.29"]
[SourceQuality "1"]

1. Nf3 c5 2. g3 Nc6 3. Bg2 Nf6 4. 0-0 e5 5. d3 Be7 6. e4 0-0 7. c4 d6 8. Nc3 Bg4 9. h3 Bd7 10. Ne1 Nd4 11. f4 b5 12. cxb5 Nxb5 13. Nf3 Nd4 14. g4 exf4 15. Bxf4 Rb8 16. b3 Nxf3+ 17. Qxf3 Be6 18. g5 Nd7 19. Qg3 Ne5 20. b4 f6 21. Nd5 Bxd5 22. exd5 Rc8 1-0

[Event "Chigorin Memorial 18th"]
[Site "St Petersburg"]
[Date "2010.11.04"]
[Round "8"]
[White "Ambartsumova, Karina"]
[Black "Kostyuchenko, Vladimir"]
[Result "1-0"]
[WhiteElo "2302"]
[BlackElo "2106"]
[PlyCount "63"]
[EventDate "2010.10.28"]
[EventType "swiss"]
[EventRounds "9"]
[EventCountry "RUS"]
[SourceTitle "EXT 2011"]
[Source "ChessBase"]
[SourceDate "2010.11.26"]
[SourceVersion "1"]
[SourceVersionDate "2010.11.26"]
[SourceQuality "1"]

1. e4 c5 2. Nf3 d6 3. d4 cxd4 4. Nxd4 Nf6 5. Nc3 Nc6 6. f3 e6 7. Be3 Be7 8. Qd2 0-0 9. g4 Nd7 10. 0-0-0 Nde5 11. Be2 a6 12. h4 Nxd4 13. Qxd4 b5 14. h5 Nc6 15. Qd2 Qa5 16. a3 b4 17. Nb1 Rb8 18. g5 d5 19. a4 d4 20. Bf2 Bxg5 21. f4 Bh6 22. Bh4 Qxa4 23. b3 Qa5 24. Bg5 Bxg5 25. fxg5 e5 26. g6 Be6 27. Rdg1 Qd8 28. Bxa6 d3 29. Bxd3 Qf6 30. Rf1 Qe7 31. Rfg1 Nd4 32. Qg5 1-0

[Event "Chigorin Memorial 18th"]
[Site "St Petersburg"]
[Date "2010.11.02"]
[Round "6"]
[White "Bove, Alessandro"]
[Black "Kostyuchenko, Vladimir"]
[Result "1-0"]
[WhiteElo "2397"]
[BlackElo "2106"]
[PlyCount "73"]
[EventDate "2010.10.28"]
[EventType "swiss"]
[EventRounds "9"]
[EventCountry "RUS"]
[SourceTitle "EXT 2011"]
[Source "ChessBase"]
[SourceDate "2010.11.26"]
[SourceVersion "1"]
[SourceVersionDate "2010.11.26"]
[SourceQuality "1"]

1. e4 c5 2. Nf3 d6 3. d4 cxd4 4. Nxd4 Nf6 5. Nc3 Nc6 6. Bc4 Qb6 7. Ndb5 a6 8. Be3 Qa5 9. Nd4 Nxe4 10. Qf3 f5 11. Nxc6 bxc6 12. 0-0-0 e6 13. Nxe4 fxe4 14. Qxe4 d5 15. Qe5 Qb4 16. Bd3 Rb8 17. Bf4 Rb6 18. a3 Qe7 19. Rhe1 Qf6 20. Qc7 Qd8 21. Qe5 Qf6 22. Qh5+ Qf7 23. Qg4 Be7 24. Be5 Bf6 25. Qd4 Bd8 26. Re3 0-0 27. Rh3 g6 28. f4 Qe8 29. Bxg6 Qxg6 30. Rg3 Qxg3 31. hxg3 Bd7 32. Rh1 Be8 33. Qe3 Bg6 34. Bd4 c5 35. Bxc5 d4 36. Bxd4 Rc6 37. c3 1-0

[Event "Chigorin Memorial 18th"]
[Site "St Petersburg"]
[Date "2010.10.29"]
[Round "2"]
[White "Kryakvin, Dmitry"]
[Black "Kostyuchenko, Vladimir"]
[Result "1-0"]
[WhiteElo "2591"]
[BlackElo "2106"]
[PlyCount "41"]
[EventDate "2010.10.28"]
[EventType "swiss"]
[EventRounds "9"]
[EventCountry "RUS"]
[SourceTitle "EXT 2011"]
[Source "ChessBase"]
[SourceDate "2010.11.26"]
[SourceVersion "1"]
[SourceVersionDate "2010.11.26"]
[SourceQuality "1"]

1. d4 d5 2. c4 dxc4 3. Nf3 Nf6 4. Nc3 a6 5. e4 b5 6. e5 Nd5 7. a4 c6 8. axb5 Nxc3 9. bxc3 cxb5 10. Ng5 Be6 11. Nxe6 fxe6 12. Qg4 Qd7 13. Be2 a5 14. 0-0 Ra6 15. Be3 Nc6 16. Rfb1 Nd8 17. h4 a4 18. h5 Nf7 19. Bf3 Nd8 20. Be4 Kf7 21. f4 1-0

[Event "St Petersburg Chigorin CC-ch"]
[Site "St Petersburg"]
[Date "2008.05.15"]
[Round "3"]
[White "Shchukin, Dmitry"]
[Black "Kostyuchenko, Vladimir"]
[Result "0-1"]
[WhiteElo "2338"]
[BlackElo "2180"]
[PlyCount "152"]
[EventDate "2008.05.13"]
[EventType "swiss"]
[EventRounds "9"]
[EventCountry "RUS"]
[SourceTitle "CBM 124 Extra"]
[Source "ChessBase"]
[SourceDate "2008.07.03"]
[SourceVersion "1"]
[SourceVersionDate "2008.07.03"]
[SourceQuality "1"]

1. e4 c5 2. Nf3 d6 3. d4 cxd4 4. Nxd4 Nf6 5. Nc3 Nc6 6. Bc4 e6 7. a3 Be7 8. 0-0 0-0 9. Ba2 a6 10. Kh1 Bd7 11. f4 b5 12. f5 e5 13. Nxc6 Bxc6 14. Qd3 h6 15. Bd5 Rc8 16. Bxc6 Rxc6 17. a4 b4 18. Nd5 a5 19. Bd2 Nxd5 20. exd5 Rc5 21. c3 bxc3 22. Bxc3 Bf6 23. Rfe1 Qd7 24. g4 Rfc8 25. Re4 Qb7 26. Rd1 Qb3 27. Rde1 Rxd5 28. Qa6 Rcc5 29. Kg2 Rd1 30. Rxd1 Qxd1 31. Qe2 Qb3 32. Kg3 Qd5 33. h4 Qc6 34. Re3 Qxa4 35. Kh3 Qc6 36. Qd1 Rc4 37. Rd3 Qe4 38. b3 Rc8 39. Bxa5 h5 40. g5 Qxf5+ 41. Kg2 Be7 42. Qf3 Rc2+ 43. Bd2 Qg6 44. Rd5 Bxg5 45. hxg5 Qxg5+ 46. Kf1 Rxd2 47. Rxd2 Qxd2 48. Qb7 Qd3+ 49. Kg1 h4 50. b4 Qg6+ 51. Kh1 Qb1+ 52. Kg2 d5 53. b5 Qe4+ 54. Kf2 Qf4+ 55. Ke1 Qe3+ 56. Kf1 Qf3+ 57. Kg1 h3 58. Qc8+ Kh7 59. Qc2+ g6 60. Qf2 Qxf2+ 61. Kxf2 e4 62. b6 h2 63. Kg2 e3 64. b7 e2 65. b8Q h1Q+ 66. Kxh1 e1Q+ 67. Kg2 Qe4+ 68. Kh2 d4 69. Qa7 Qd5 70. Kg1 d3 71. Qa1 d2 72. Qd1 Qd4+ 73. Kf1 Qe3 74. Kg2 Qe1 75. Qf3 Kg8 76. Qa8+ Kg7 0-1

[Event "St Petersburg Chigorin CC-ch"]
[Site "St Petersburg"]
[Date "2008.05.14"]
[Round "2"]
[White "Kostyuchenko, Vladimir"]
[Black "Voronenkov, Sergey"]
[Result "1-0"]
[WhiteElo "2180"]
[BlackElo "1979"]
[PlyCount "67"]
[EventDate "2008.05.13"]
[EventType "swiss"]
[EventRounds "9"]
[EventCountry "RUS"]
[SourceTitle "CBM 124 Extra"]
[Source "ChessBase"]
[SourceDate "2008.07.03"]
[SourceVersion "1"]
[SourceVersionDate "2008.07.03"]
[SourceQuality "1"]

1. d4 d5 2. c4 c6 3. cxd5 cxd5 4. Nc3 Nf6 5. Nf3 Nc6 6. Bf4 Bf5 7. e3 e6 8. Bb5 Qa5 9. Ne5 Rc8 10. 0-0 Bb4 11. Rc1 Bxc3 12. Bxc6+ bxc6 13. Rxc3 Ne4 14. Rxc6 Rxc6 15. Nxc6 Qxa2 16. f3 Nf6 17. Bd6 Qa6 18. Qc1 Bd3 19. Ne5 Qxd6 20. Qc8+ Qd8 21. Qc6+ Nd7 22. Ra1 a6 23. Nxd3 0-0 24. Qxa6 Qb6 25. Nc5 Qxa6 26. Rxa6 Nxc5 27. dxc5 Rc8 28. b4 Kf8 29. Kf2 Ke7 30. Ra7+ Ke8 31. Ke2 Rb8 32. c6 h5 33. b5 g6 34. b6 1-0

[Event "St Petersburg Chigorin CC-ch"]
[Site "St Petersburg"]
[Date "2008.05.13"]
[Round "1"]
[White "Klobukov, Sergey"]
[Black "Kostyuchenko, Vladimir"]
[Result "0-1"]
[WhiteElo "1971"]
[BlackElo "2180"]
[PlyCount "108"]
[EventDate "2008.05.13"]
[EventType "swiss"]
[EventRounds "9"]
[EventCountry "RUS"]
[SourceTitle "CBM 124 Extra"]
[Source "ChessBase"]
[SourceDate "2008.07.03"]
[SourceVersion "1"]
[SourceVersionDate "2008.07.03"]
[SourceQuality "1"]

1. Nf3 d5 2. b3 Nf6 3. Bb2 e6 4. e3 Nbd7 5. a3 Bd6 6. d4 0-0 7. Nbd2 Re8 8. Ne5 c5 9. Bd3 Qc7 10. f4 b6 11. 0-0 Bb7 12. Qf3 c4 13. Nxd7 Qxd7 14. Be2 Rec8 15. c3 cxb3 16. Bd3 a5 17. Nxb3 Ba6 18. Bxa6 Rxa6 19. Qe2 Ra7 20. Nd2 b5 21. e4 dxe4 22. Nxe4 Nd5 23. g3 Rac7 24. Nxd6 Qxd6 25. Qxb5 Nxc3 26. Bxc3 Rxc3 27. Qe5 Rd8 28. Rfd1 Qxe5 29. dxe5 Rxd1+ 30. Rxd1 g6 31. Rd8+ Kg7 32. Kg2 Rxa3 33. h4 a4 34. Rd7 Rb3 35. Ra7 a3 36. Kh3 h5 37. Ra8 Rc3 38. Ra7 Kf8 39. Ra8+ Ke7 40. Ra7+ Ke8 41. Ra8+ Kd7 42. Ra7+ Kc8 43. Rxf7 Rc7 44. Rf8+ Kb7 45. Rd8 a2 46. Rd1 Rc2 47. g4 Rc3+ 48. Kg2 hxg4 49. Ra1 Ra3 50. h5 gxh5 51. f5 exf5 52. e6 Kc7 53. e7 Kd7 54. Re1 Ke8 0-1

[Event "St Petersburg White Nights op"]
[Site "St Petersburg"]
[Date "2007.07.03"]
[Round "9"]
[White "Kostyuchenko, Vladimir"]
[Black "Kostin, Sergei Anatolievich"]
[Result "0-1"]
[WhiteElo "2152"]
[BlackElo "2284"]
[PlyCount "69"]
[EventDate "2007.06.25"]
[EventType "swiss"]
[EventRounds "9"]
[EventCountry "RUS"]
[SourceTitle "CBM 119 Extra"]
[Source "ChessBase"]
[SourceDate "2007.09.04"]
[SourceVersion "1"]
[SourceVersionDate "2007.09.04"]
[SourceQuality "1"]

1. d4 Nf6 2. c4 g6 3. Nc3 Bg7 4. e4 d6 5. Be2 0-0 6. Nf3 e5 7. d5 a5 8. 0-0 Na6 9. Bg5 h6 10. Bh4 Qe8 11. Ne1 Bd7 12. Nd3 Nh7 13. a3 a4 14. Nb5 h5 15. f3 f5 16. exf5 gxf5 17. Qxa4 e4 18. Nf4 Bxb2 19. Rab1 Bd4+ 20. Kh1 e3 21. Qc2 Be5 22. Ne6 Bxe6 23. dxe6 Qxe6 24. f4 Bg7 25. Bxh5 c6 26. Bf3 Kh8 27. Rfd1 cxb5 28. Bxb7 bxc4 29. Rb6 e2 30. Re1 Nc5 31. Bxa8 Rxa8 32. Rxe2 Ne4 33. g4 Qd5 34. Kg1 fxg4 35. Qb1 0-1

[Event "St Petersburg White Nights op"]
[Site "St Petersburg"]
[Date "2007.07.02"]
[Round "8"]
[White "Bystrov, Sergey V"]
[Black "Kostyuchenko, Vladimir"]
[Result "0-1"]
[WhiteElo "2302"]
[BlackElo "2152"]
[PlyCount "60"]
[EventDate "2007.06.25"]
[EventType "swiss"]
[EventRounds "9"]
[EventCountry "RUS"]
[SourceTitle "CBM 119 Extra"]
[Source "ChessBase"]
[SourceDate "2007.09.04"]
[SourceVersion "1"]
[SourceVersionDate "2007.09.04"]
[SourceQuality "1"]

1. d4 d5 2. Nf3 Nf6 3. c4 dxc4 4. Nc3 a6 5. a4 e6 6. g3 c5 7. e3 Nc6 8. Bxc4 cxd4 9. exd4 b6 10. 0-0 Bb7 11. Re1 Be7 12. Bf1 0-0 13. Bg2 Nb4 14. Qe2 Rc8 15. Be3 Nfd5 16. Rec1 Nxe3 17. fxe3 Bf6 18. Rd1 Rc7 19. Rac1 Qb8 20. Ne1 Rfc8 21. Nd3 Nxd3 22. Rxd3 b5 23. axb5 axb5 24. Ra1 b4 25. Ne4 Rc1+ 26. Rd1 Rxd1+ 27. Qxd1 Be7 28. b3 Bd8 29. Nd2 Bg5 30. e4 Bd8 0-1

[Event "St Petersburg-ch qf Seniors 80th"]
[Site "St Petersburg"]
[Date "2006.11.23"]
[Round "1"]
[White "Kostyuchenko, Vladimir"]
[Black "Gratsianov, Igor"]
[Result "1-0"]
[WhiteElo "2153"]
[BlackElo "1901"]
[PlyCount "55"]
[EventDate "2006.11.23"]
[EventType "swiss"]
[EventRounds "10"]
[EventCountry "RUS"]
[SourceTitle "EXT 2019"]
[Source "ChessBase"]
[SourceDate "2018.10.10"]
[SourceVersion "1"]
[SourceVersionDate "2018.10.10"]
[SourceQuality "1"]

1. d4 d5 2. c4 dxc4 3. e3 Be6 4. Ne2 c6 5. Nf4 Bd5 6. Nc3 Nf6 7. Qc2 b5 8. e4 Be6 9. Nxe6 fxe6 10. a4 Qc8 11. Be3 Ng4 12. axb5 Nxe3 13. fxe3 cxb5 14. b3 a5 15. bxc4 b4 16. c5 Qb7 17. Nb5 g6 18. c6 Qc8 19. c7 Nd7 20. Qc6 Kf7 21. Bc4 Nf6 22. 0-0 Bh6 23. e5 Bxe3+ 24. Kh1 Ra6 25. Nd6+ exd6 26. Bxa6 Qa8 27. Qd7+ Kg8 28. Rxf6 1-0